| 000 | 01164cam a22003497a 4500 | ||
|---|---|---|---|
| 003 | CHAP | ||
| 005 | 20220329141549.0 | ||
| 008 | 971013s1981 r 00010 d | ||
| 010 | _a70214 | ||
| 011 | _a71186 | ||
| 035 | _a80740 | ||
| 040 | _cCHAP | ||
| 090 | _aFolleto 7315 | ||
| 100 | 0 | 0 |
_aAdamson, R. M. _9876 |
| 245 | 0 | _aSoiless culture of seedless greenhouse cucumbers and sequence cropping | |
| 260 |
_aOttawa : _bDepartment of Agriculture, _c1981 |
||
| 300 |
_a20 p. _b: ilus. |
||
| 490 | 0 |
_aDepartment of Agriculture. Publication _v; 1725 |
|
| 590 |
_aBATCH-UPD _b10 _c20130110 _lUCH01 _h0034 |
||
| 590 |
_aBATCH-UPD _b10 _c20130110 _lUCH01 _h0706 |
||
| 590 |
_aBATCH-UPD _b10 _c20130914 _lUCH01 _h0830 |
||
| 590 |
_aCONVERSION _b10 _c20130109 _lUCH01 _h1339 |
||
| 650 | 1 | 4 |
_aHidroponÃa. _955280 |
| 650 | 1 | 4 |
_aPepino. _986895 |
| 700 | 0 |
_aMass, E. F. _972798 |
|
| 710 | 0 |
_aCanada. Department of Agriculture. _918180 |
|
| 830 | 0 |
_aDepartment of Agriculture. Publication _v; 1725 _931841 |
|
| 901 | _aBK | ||
| 942 | _cFOLL | ||
| 949 |
_aFolleto 7315 _bBC _cFOLL _d-33658 _eTS1 _i80740 _mD _si |
||
| 949 |
_aFolleto 7315 _bBC _cFOLL _d-33660 _eTS2 _fc.2 _i80740 _mD _si |
||
| 999 |
_c70214 _d70214 |
||